banner-ar

لغات برمجة الويب : انشاء تطبيقات الانترنت / (Record no. 7240)

MARC details
000 -الفاتح
حقل البيانات ثابتة الطول 00756nam a2200217Ia 4500
008 - عناصر البيانات ثابتة الطول - معلومات عامة
حقل البيانات ثابتة الطول 140319s9999 xx 000 0 ara d
040 ## - مصدر الفهرسة
وكالة الفهرسة الأصلية GCL /
وكالة النسخ GCL
082 04 - رقم تصنيف ديوى العشرى
رقم التصنيف 005.13
رقم المادة ب ل
100 1# - المدخل الرئيسى - إسم شخصى
الإسم الشخصى خالد العامرى
245 10 - بيان العنوان
العنوان لغات برمجة الويب : انشاء تطبيقات الانترنت /
بيان المسئوليه,etc خالد العامرى
700 1# - المدخل الاضافى - اسم شخصى
الإسم الشخصى بيتس، كريس
260 ## - PUBLICATION, DISTRIBUTION, ETC. (IMPRINT)
تاريخ النشر أو التوزيع 2004
300 ## - الوصف المادى
التعداد 728 ص ؛
أبعاد الوعاء 24 سم
650 04 - المدخل الاضافى بالموضوع-مصطلح موضوعى
مصطلح موضوعي الإنترنت
650 04 - المدخل الاضافى بالموضوع-مصطلح موضوعى
مصطلح موضوعي الحاسبات الالكترونية - لغات
650 04 - المدخل الاضافى بالموضوع-مصطلح موضوعى
مصطلح موضوعي اتش تى ام ال
650 04 - المدخل الاضافى بالموضوع-مصطلح موضوعى
مصطلح موضوعي جافا سكريبت
650 04 - المدخل الاضافى بالموضوع-مصطلح موضوعى
مصطلح موضوعي انشاء صفحات الويب
942 ## - عناصر المدخل الإضافي( كوها)
مصدر التصنيف او مخطط الترفيف Dewey Decimal Classification
Koha [default] item type كتاب
260 ## - PUBLICATION, DISTRIBUTION, ETC. (IMPRINT)
-- القاهرة :
-- دار الفاروق للنشر والتوزيع ،
Holdings
حالة التراجع حالة الفقد حالة تلف ليس للاعارة المكان المؤقت الموقع الحالى تاريخ الاكتساب اجمالي اﻻعارات رقم الطلب الباركود تاريخ اخر مشاهدة تاريخ تفعيل السعر نوع وعاء كوها
        مكتبة القاهرة الكبرى مكتبة القاهرة الكبرى 03/26/2014   005.13\ب ل 15005 03/26/2014 03/26/2014 كتاب

Powered By

EGPV